<?xml version="1.0" encoding="UTF-8"?>
<record
    xmlns:xsi="http://www.w3.org/2001/XMLSchema-instance"
    xsi:schemaLocation="http://www.loc.gov/MARC21/slim http://www.loc.gov/standards/marcxml/schema/MARC21slim.xsd"
    xmlns="http://www.loc.gov/MARC21/slim">

  <leader>00653nas a22001817a 4500</leader>
  <controlfield tag="008">130327t19929999bl ||||| |||| 00| 0 por d</controlfield>
  <datafield tag="022" ind1=" " ind2=" ">
    <subfield code="a"> 0101-6083</subfield>
  </datafield>
  <datafield tag="245" ind1=" " ind2=" ">
    <subfield code="a">Revista de Psiquiatria Clinica</subfield>
  </datafield>
  <datafield tag="260" ind1=" " ind2=" ">
    <subfield code="a">S&#xE3;o Paulo,</subfield>
    <subfield code="b">Universidade de S&#xE3;o Paulo, Faculdade de Medicina, Departamento e Instituto de Psiquiatria:</subfield>
    <subfield code="c">1992</subfield>
  </datafield>
  <datafield tag="300" ind1=" " ind2=" ">
    <subfield code="a">v. :</subfield>
  </datafield>
  <datafield tag="310" ind1=" " ind2=" ">
    <subfield code="a">bimestral</subfield>
  </datafield>
  <datafield tag="546" ind1=" " ind2=" ">
    <subfield code="a">portugues</subfield>
  </datafield>
  <datafield tag="590" ind1=" " ind2=" ">
    <subfield code="a">Indizada en: Latindex, LILACS, SciELO, Directory of Open Access Journals (DOAJ), EMBASE Excerpta Medica</subfield>
  </datafield>
  <datafield tag="590" ind1=" " ind2=" ">
    <subfield code="a">Existencias: 1992 (15-19)</subfield>
  </datafield>
  <datafield tag="650" ind1=" " ind2=" ">
    <subfield code="a">PSIQUIATRIA</subfield>
    <subfield code="9">1910</subfield>
  </datafield>
  <datafield tag="856" ind1=" " ind2=" ">
    <subfield code="u">http://www.revistas.usp.br/rpc/index</subfield>
  </datafield>
  <datafield tag="942" ind1=" " ind2=" ">
    <subfield code="2">ddc</subfield>
    <subfield code="c">CR</subfield>
  </datafield>
  <datafield tag="999" ind1=" " ind2=" ">
    <subfield code="c">1292</subfield>
    <subfield code="d">1292</subfield>
  </datafield>
</record>
